000 00616nam a2200229Ia 4500
001 dia_7563
003 CHAP
008 220117s1966 xx 000 0 und d
010 _a178703
040 _cCHAP
090 _aF 823 1966
110 _aFAO
_939428
245 _aProposals for a european CODEX Committee on edible ices (other than milk products)
260 _aAustria :
_b FAO :,
_b OMS,
_c1966
300 _a1 v. (en varias paginaciones)
901 _aF 823 1966
902 _aM
905 _a0000001966 au 0000000000eng00
942 _c12
942 _c12
999 _c178703
_d178703